Statistics for Countries Of Oceania By Population

Click here to take the quiz!

General Stats

  • This quiz has been taken 83 times
    (78 since last reset)
  • The average score is 12 of 14

Answer Stats

PopulationCountry% Correct
25,631,820Australia
100%
4,795,886New Zealand
100%
8,558,800Papua New Guinea
100%
896,445Fiji
95%
667,044Solomon Islands
94%
199,052Samoa
89%
10,084Nauru
85%
100,651Tonga
85%
304,500Vanuatu
85%
21,000Palau
82%
120,100Kiribati
81%
10,640Tuvalu
81%
55,500Marshall Islands
79%
112,640Micronesia
77%

Score Distribution

Percentile by Number Answered

Percent of People with Each Score

Your Score History

You have not taken this quiz since the last reset